[Event "Rated Blitz game"]
[Site "?"]
[Date "2021.07.09"]
[Round "?"]
[White "The_next-chapion"]
[Black "Dzon_Vejn"]
[Result "1-0"]
[WhiteElo "2293"]
[BlackElo "2460"]
[PlyCount "133"]
[EventDate "2021.??.??"]
[EventType "blitz"]

1. e4 e5 2. Nf3 d5 3. Nxe5 Bd6 4. d4 dxe4 5. Bc4 Bxe5 6. dxe5 Qxd1+ 7. Kxd1 Nc6
8. Bf4 Bg4+ 9. Kc1 Nge7 10. h3 Bf5 11. g4 Bg6 12. Nc3 O-O-O 13. Rd1 h5 14.
Rxd8+ Rxd8 15. b3 hxg4 16. hxg4 Rh8 17. Kb2 Rh4 18. Rg1 Nd4 19. Bg5 Rh2 20.
Bxe7 Rxf2 21. e6 fxe6 22. Nd1 Rxc2+ 23. Ka1 Rc1+ 24. Kb2 Rc2+ 25. Ka1 Kd7 26.
Ba3 Rh2 27. Ne3 b6 28. Bb2 Nf3 29. Rd1+ Rd2 30. Bxg7 Rxd1+ 31. Nxd1 Ke7 32. Ne3
c6 33. Bc3 Kd7 34. Be2 Ng5 35. Bf6 Nf7 36. g5 Nd6 37. Ng4 Kc7 38. Ne5 Be8 39.
g6 Nf5 40. g7 Nxg7 41. Bxg7 Kd6 42. Kb2 b5 43. Kc3 a6 44. Ng4 c5 45. Ne3 b4+
46. Kc2 Bb5 47. Nc4+ Kc6 48. Ne5+ Kb6 49. Bxb5 axb5 50. Bf8 c4 51. bxc4 bxc4
52. Nxc4+ Kb5 53. Kb3 Kc6 54. Bxb4 Kd5 55. Bd2 Kd4 56. Be3+ Kd3 57. a4 Ke2 58.
a5 Kf3 59. a6 Ke2 60. a7 Kf3 61. a8=Q Ke2 62. Qxe4 Kd1 63. Qxe6 Ke2 64. Qh3 Kd1
65. Qg2 Ke1 66. Qf2+ Kd1 67. Qd2# {Normal} 1-0

[Event "Rated Blitz game"]
[Site "?"]
[Date "2021.07.09"]
[Round "?"]
[White "Kovalchuk94"]
[Black "Fantastic_power06"]
[Result "0-1"]
[WhiteElo "2654"]
[BlackElo "2698"]
[PlyCount "91"]
[EventDate "2021.??.??"]
[EventType "blitz"]

1. e4 e5 2. Nf3 d5 3. exd5 e4 4. Qe2 Nf6 5. d3 Qxd5 6. Nbd2 Nc6 7. Nxe4 Be6 8.
Nxf6+ gxf6 9. c3 O-O-O 10. Be3 Rg8 11. d4 a6 12. g3 Qh5 13. Bg2 Bd6 14. O-O f5
15. Qd2 Bd5 16. Ne1 Bc4 17. Nd3 Bxd3 18. Qxd3 f4 19. Bd2 Rg6 20. Qf3 Qh6 21.
Rae1 Rdg8 22. Re4 f5 23. Rxf4 Bxf4 24. Bxf4 Qg7 25. Bh3 Rf6 26. d5 Nd8 27. Be5
Kb8 28. Bxf6 Qxf6 29. Qxf5 Qe7 30. Qc8+ Ka7 31. Qf5 Rf8 32. Qd3 Nf7 33. Qd4+
Kb8 34. Qd2 Ne5 35. Bg2 Nc4 36. Qc2 h5 37. b3 Ne5 38. Qe4 Qd6 39. Re1 Nd7 40.
c4 Nc5 41. Qe5 Qd8 42. Qxh5 Nd3 43. Re2 Qf6 44. h4 Nxf2 45. Kh2 Ka7 46. Qe5 {
Normal} 0-1

[Event "Rated Blitz game"]
[Site "?"]
[Date "2021.07.09"]
[Round "?"]
[White "art517"]
[Black "Dzon_Vejn"]
[Result "0-1"]
[WhiteElo "2427"]
[BlackElo "2460"]
[PlyCount "96"]
[EventDate "2021.??.??"]
[EventType "blitz"]

1. e4 e5 2. Nf3 d5 3. exd5 e4 4. Ne5 Qxd5 5. d4 exd3 6. Nxd3 Bf5 7. Nc3 Qe6+ 8.
Be2 Nc6 9. Nf4 Qd7 10. Qxd7+ Bxd7 11. Be3 O-O-O 12. O-O-O Nf6 13. Rhe1 Bb4 14.
Bd2 Rhe8 15. Nfd5 Nxd5 16. Nxd5 Bxd2+ 17. Rxd2 Be6 18. Bf3 Bxd5 19. Rxe8 Rxe8
20. Rxd5 Ne5 21. Be4 c6 22. Rd1 Kc7 23. f3 g6 24. g4 f6 25. h3 Nc4 26. b3 Ne3
27. Rd3 Ng2 28. Rd2 Nf4 29. h4 a6 30. Kb2 a5 31. c4 Re7 32. Kc3 Rd7 33. Rxd7+
Kxd7 34. Kd4 b6 35. h5 c5+ 36. Ke3 Ng2+ 37. Kf2 Nf4 38. Ke3 Ng2+ 39. Kf2 Nh4
40. Kg3 g5 41. Bxh7 Ke7 42. Bg6 Kf8 43. Be4 Ke7 44. f4 Ke6 45. fxg5 fxg5 46.
Bd3 Kf6 47. Kf2 Ke5 48. Ke3 Ng2+ {Time forfeit} 0-1

[Event "Rated Classical tournament sV0adzwE"]
[Site "?"]
[Date "2021.07.09"]
[Round "?"]
[White "TheBigGreek"]
[Black "AS77"]
[Result "0-1"]
[WhiteElo "2452"]
[BlackElo "2276"]
[PlyCount "72"]
[EventDate "2021.??.??"]

1. e4 e5 2. Nf3 d5 3. exd5 e4 4. Qe2 Nf6 5. d3 Qxd5 6. Nbd2 Nc6 7. dxe4 Qe6 8.
Qc4 Qe7 9. Bd3 g6 10. O-O Bg7 11. Re1 O-O 12. h3 Nd7 13. Qb3 Nc5 14. Qa3 Nxd3
15. Qxd3 Nb4 16. Qb3 Be6 17. c4 Rad8 18. a3 Nd3 19. Re3 Nxc1 20. Rxc1 Bh6 21.
Re2 b6 22. Rce1 Bxh3 23. gxh3 Bxd2 24. Rd1 Bf4 25. Rxd8 Rxd8 26. Kg2 Qe6 27.
Qc3 f5 28. e5 Rd1 29. Nd4 Qd7 30. e6 Qe7 31. Nc6 Qg5+ 32. Kf3 Bd6 33. Qe3 Rd3
34. Qxd3 Qf4+ 35. Kg2 Qh2+ 36. Kf3 Qxh3# {Normal} 0-1

[Event "Rated Blitz game"]
[Site "?"]
[Date "2021.07.09"]
[Round "?"]
[White "can_u_beat_me_bro"]
[Black "pasha1984"]
[Result "1-0"]
[WhiteElo "2433"]
[BlackElo "2403"]
[PlyCount "85"]
[EventDate "2021.??.??"]
[EventType "blitz"]

1. e4 e5 2. Nf3 d5 3. exd5 e4 4. Qe2 Nf6 5. Nc3 Be7 6. Nxe4 Nxd5 7. g3 O-O 8.
Bg2 Re8 9. O-O Bf8 10. Qc4 Nb6 11. Qd3 Qxd3 12. cxd3 Nc6 13. b3 Nb4 14. Ne1 f5
15. Nc3 Rxe1 16. Rxe1 Nc2 17. Bb2 Nxa1 18. Bxa1 c6 19. d4 Bd7 20. d5 c5 21. d3
Re8 22. Rxe8 Bxe8 23. Ne2 Bf7 24. Nf4 Bd6 25. Ne6 g6 26. f4 a5 27. Be5 Nc8 28.
Bxd6 Nxd6 29. Nxc5 Kf8 30. Nd7+ Ke7 31. Ne5 Be8 32. Kf2 Nb5 33. Ke3 Kd6 34.
Nc4+ Kc5 35. Nxa5 b6 36. Nc4 Bf7 37. a4 Na7 38. d4+ Kb4 39. Ne5 Be8 40. d6 Kxb3
41. d7 Bxd7 42. Nxd7 Kxa4 43. Nxb6+ {Normal} 1-0

[Event "Rated Blitz game"]
[Site "?"]
[Date "2021.07.09"]
[Round "?"]
[White "Frutek"]
[Black "Fantastic_power06"]
[Result "1/2-1/2"]
[WhiteElo "2520"]
[BlackElo "2695"]
[PlyCount "162"]
[EventDate "2021.??.??"]
[EventType "blitz"]

1. e4 e5 2. Nf3 d5 3. exd5 e4 4. Qe2 Nf6 5. d3 Qxd5 6. Nbd2 Nc6 7. Nxe4 Be6 8.
Nxf6+ gxf6 9. Qe4 O-O-O 10. Qxd5 Bxd5 11. Be3 Nb4 12. O-O-O Nxa2+ 13. Kb1 Nb4
14. h4 Rg8 15. h5 Bd6 16. Rh4 f5 17. Bf4 Be7 18. Rh3 Rg4 19. Bd2 Ba2+ 20. Kc1
Be6 21. Bxb4 Rxb4 22. d4 f4 23. Rh1 c5 24. c3 Ra4 25. Kc2 Bf6 26. Bb5 Ra5 27.
Bd3 cxd4 28. cxd4 Bxd4 29. Nxd4 Rxd4 30. Bxh7 Rc5+ 31. Kb1 Rxd1+ 32. Rxd1 Rxh5
33. Be4 Re5 34. f3 f5 35. Bd3 Bb3 36. Rc1+ Kd7 37. Bc4 Ba4 38. Rh1 Kd6 39. Rh4
b5 40. Bg8 Re1+ 41. Ka2 Ke5 42. Rh7 a5 43. Re7+ Kd4 44. Rxe1 b4 45. Bb3 Bb5 46.
Rd1+ Ke3 47. Rd5 Bf1 48. Rxf5 Bxg2 49. Bd5 a4 50. Re5+ Kd4 51. Rg5 Bf1 52. Be4
Bc4+ 53. Kb1 Ke3 54. Kc1 Be2 55. Re5 a3 56. bxa3 bxa3 57. Ra5 Bxf3 58. Bxf3
Kxf3 59. Rxa3+ Ke2 60. Ra8 f3 61. Re8+ Kd3 62. Kd1 f2 63. Rf8 Ke3 64. Rf7 f1=Q+
65. Rxf1 Kd3 66. Rf3+ Ke4 67. Ke2 Kd4 68. Rf4+ Ke5 69. Ke3 Kd5 70. Rf5+ Kc4 71.
Re5 Kb4 72. Rd5 Kb3 73. Kd3 Kb4 74. Re5 Kb3 75. Rb5+ Ka4 76. Kc4 Ka3 77. Kc3
Ka2 78. Rb4 Ka1 79. Kc2 Ka2 80. Rc4 Ka3 81. Rd4 Ka2 {Time forfeit} 1/2-1/2

[Event "Rated Blitz tournament tC9MGak7"]
[Site "?"]
[Date "2021.07.09"]
[Round "?"]
[White "Bumenceria"]
[Black "Bis_Kecil_BKD"]
[Result "0-1"]
[WhiteElo "2335"]
[BlackElo "2436"]
[PlyCount "96"]
[EventDate "2021.??.??"]
[EventType "blitz"]

1. e4 e5 2. Nf3 d5 3. Nc3 dxe4 4. Nxe4 f5 5. Nc3 e4 6. Ng1 Nf6 7. d3 Bc5 8. Be3
Bxe3 9. fxe3 O-O 10. Qd2 Ng4 11. O-O-O Qg5 12. Re1 Nc6 13. Nh3 Qf6 14. d4 Be6
15. Nf4 Bf7 16. h3 Qh4 17. Bb5 Nf6 18. g3 Qxg3 19. Rhg1 Qh4 20. Qg2 g6 21. Ref1
Nb4 22. a3 Nbd5 23. Ncxd5 Nxd5 24. Bc4 Nxe3 25. Nxg6 Nxg2 26. Nxh4 Bxc4 27.
Rxg2+ Kh8 28. Rxf5 e3 29. c3 Bd3 30. Rxf8+ Rxf8 31. Rg1 Rf2 32. Ng2 Rc2+ 33.
Kd1 e2+ 34. Ke1 Rxb2 35. Kf2 Ra2 36. Ne1 Bc4 37. Rg5 b6 38. h4 Rxa3 39. h5 Rxc3
40. h6 Rh3 41. Re5 Rh2+ 42. Ke3 Rxh6 43. Kd2 Rd6 44. Kc3 b5 45. Re7 c6 46. Nf3
Kg8 47. Ng5 h6 48. Ne4 e1=Q+ {Time forfeit} 0-1

[Event "Rated Blitz game"]
[Site "?"]
[Date "2021.07.09"]
[Round "?"]
[White "maratgil"]
[Black "lavilaine"]
[Result "1/2-1/2"]
[WhiteElo "2349"]
[BlackElo "2424"]
[PlyCount "150"]
[EventDate "2021.??.??"]
[EventType "blitz"]

1. e4 e5 2. Nf3 d5 3. Nxe5 Qe7 4. d4 f6 5. Nf3 dxe4 6. Nfd2 f5 7. Be2 Nf6 8. c4
Nc6 9. Nb3 Bd7 10. Nc3 O-O-O 11. Bg5 h6 12. Nd5 Qf7 13. Bxf6 gxf6 14. Qc2 Be6
15. O-O Bxd5 16. cxd5 Qxd5 17. a3 Nxd4 18. Nxd4 Qxd4 19. Rfd1 Qc5 20. Qb3 Qb6
21. Qh3 Qe6 22. Bc4 Qe5 23. Rxd8+ Kxd8 24. Rd1+ Kc8 25. b4 Bd6 26. Rd5 Qa1+ 27.
Bf1 Kb8 28. Rxf5 Be5 29. Rh5 Qc1 30. Qb3 Rd8 31. Qc4 Qxc4 32. Bxc4 Rd1+ 33. Bf1
Bf4 34. g3 e3 35. fxe3 Bxe3+ 36. Kg2 Ra1 37. Rd5 a6 38. Rd3 Bc1 39. Be2 Rxa3
40. Rxa3 Bxa3 41. b5 axb5 42. Bxb5 c6 43. Bc4 b5 44. Bb3 c5 45. Kf3 c4 46. Bd1
b4 47. Ke4 Kc7 48. Kd4 c3 49. Bb3 Kb6 50. Kd3 Kc5 51. h3 Bc1 52. g4 Bd2 53. Kc2
Be1 54. Kd3 Bh4 55. Kc2 Kd4 56. Be6 Bg3 57. Bf5 Bd6 58. Be6 Ke3 59. Bf5 Kf4 60.
h4 Kg3 61. h5 Kf4 62. Be6 Ke5 63. Bf5 Kd4 64. Be6 Kc5 65. Bb3 Kb5 66. Be6 Ka5
67. Bf5 Ka4 68. Be6 Ka3 69. Bb3 Be5 70. Be6 Bd4 71. Bb3 Bc5 72. Be6 Bd4 73. Bb3
Be5 74. Bd5 Bf4 75. Bb3 Be5 {Normal} 1/2-1/2

[Event "Rated Blitz game"]
[Site "?"]
[Date "2021.07.09"]
[Round "?"]
[White "petergo"]
[Black "annaly1979"]
[Result "1-0"]
[WhiteElo "2516"]
[BlackElo "2437"]
[PlyCount "133"]
[EventDate "2021.??.??"]
[EventType "blitz"]

1. e4 e5 2. Nf3 d5 3. Nxe5 Qe7 4. d4 f6 5. Nd3 Nc6 6. c3 Bf5 7. Be2 Bxe4 8. O-O
Qf7 9. Nc5 Bd6 10. Nxe4 dxe4 11. Nd2 f5 12. Nc4 Nf6 13. Nxd6+ cxd6 14. Bf4 Rd8
15. Qb3 d5 16. f3 O-O 17. fxe4 Nxe4 18. Bf3 Na5 19. Qb5 Nc4 20. Rad1 a6 21. Qb3
b5 22. Bc1 Qg6 23. a4 Qb6 24. axb5 axb5 25. Bf4 Ra8 26. Be5 Rad8 27. Kh1 Ne3
28. Bxe4 fxe4 29. Rxf8+ Rxf8 30. Re1 Qg6 31. g3 Qf5 32. Bf4 Nc4 33. Qxb5 e3 34.
Kg1 Qe4 35. b3 Nd2 36. Rxe3 Qb1+ 37. Kg2 Qf1+ 38. Qxf1 Nxf1 39. Kxf1 g5 40. Re5
gxf4 41. gxf4 Rxf4+ 42. Ke2 Rh4 43. Rxd5 Rxh2+ 44. Kd3 h5 45. Kc4 h4 46. Rh5 h3
47. b4 Kg7 48. b5 Kg6 49. Rh4 Kg5 50. Rh8 Rh1 51. b6 h2 52. Kc5 Rb1 53. Rxh2
Rb3 54. c4 Kf5 55. d5 Rb1 56. Re2 Kf6 57. Kc6 Rb4 58. c5 Kf7 59. b7 Rb2 60.
Rxb2 Ke7 61. b8=Q Kf6 62. Qd6+ Kf5 63. Re2 Kg4 64. Qe5 Kf3 65. Qe4+ Kg3 66.
Rg2+ Kh3 67. Qg4# {Normal} 1-0

[Event "Rated Blitz game"]
[Site "?"]
[Date "2021.07.09"]
[Round "?"]
[White "Zobbie"]
[Black "annaly1979"]
[Result "0-1"]
[WhiteElo "2456"]
[BlackElo "2429"]
[PlyCount "92"]
[EventDate "2021.??.??"]
[EventType "blitz"]

1. e4 e5 2. Nf3 d5 3. exd5 e4 4. Qe2 f5 5. d3 Nf6 6. dxe4 fxe4 7. Nc3 Be7 8.
Nxe4 Nxe4 9. Qxe4 O-O 10. Bc4 Bb4+ 11. Kf1 Bd6 12. Bg5 Qe8 13. Qxe8 Rxe8 14.
Re1 Rxe1+ 15. Kxe1 Bf5 16. Nd4 Bg6 17. Kd2 Nd7 18. Re1 Ne5 19. Bb3 a6 20. f4
Nf7 21. g3 Nxg5 22. fxg5 Kf7 23. c3 Rd8 24. Rf1+ Kg8 25. Bc2 Bf7 26. c4 b5 27.
b3 bxc4 28. bxc4 Bc5 29. Kc3 a5 30. Nb3 Bb4+ 31. Kd4 a4 32. Nc5 c6 33. Be4 cxd5
34. Bxd5 Bxd5 35. cxd5 Rc8 36. Ne6 Bc3+ 37. Kd3 Bb2 38. Rb1 a3 39. Rd1 Kf7 40.
Ke4 Ke7 41. Nd4 Rc4 42. Ke3 Kd6 43. Nb3 Rc2 44. Rd2 Bc1 45. Nxc1 Rxc1 46. Kd4
Rc5 {Time forfeit} 0-1

[Event "Rated Blitz game"]
[Site "?"]
[Date "2021.07.09"]
[Round "?"]
[White "Stapfenoder"]
[Black "Fantastic_power06"]
[Result "1-0"]
[WhiteElo "2527"]
[BlackElo "2697"]
[PlyCount "137"]
[EventDate "2021.??.??"]
[EventType "blitz"]

1. e4 e5 2. Nf3 d5 3. d3 dxe4 4. dxe4 Qxd1+ 5. Kxd1 Bg4 6. Bc4 Nc6 7. c3 f5 8.
h3 Bxf3+ 9. gxf3 O-O-O+ 10. Kc2 f4 11. a4 Bc5 12. Rf1 a5 13. Bd5 Nge7 14. Be6+
Kb8 15. Na3 Ng6 16. Bc4 Nh4 17. Be2 g5 18. Bd2 Rhg8 19. Nb5 Rg6 20. Rab1 Rh6
21. b4 Bb6 22. Na3 axb4 23. Nc4 bxc3 24. Bxc3 Bd4 25. Bd2 Bc5 26. Bc3 Ng6 27.
Rb5 Bd4 28. Rfb1 b6 29. Be1 Kc8 30. a5 bxa5 31. Nxa5 Nxa5 32. Rxa5 Ne7 33. Bb5
c6 34. Bc4 Kd7 35. Rb7+ Ke8 36. Bb4 c5 37. Bxc5 Bxc5 38. Rxc5 Kf8 39. Rxe5 Re8
40. Bb5 Rc8+ 41. Kb2 Nc6 42. Rc5 Ne7 43. Rxc8+ Nxc8 44. Rb8 Rxh3 45. Rxc8+ Ke7
46. Be2 Rh2 47. Rc7+ Kd6 48. Rc2 Rxf2 49. Rd2+ Ke5 50. Kc3 h5 51. Rd5+ Kf6 52.
Kd3 Rg2 53. Rf5+ Kg6 54. Re5 h4 55. Re6+ Kh5 56. Kd2 h3 57. Ke1 h2 58. Re8
h1=Q+ 59. Kd2 Rh2 60. Rh8+ Kg6 61. Rg8+ Kf7 62. Rd8 Qg2 63. Rd7+ Ke8 64. Kc3
Qxe2 65. Re7+ Kd8 66. Kd4 Kc8 67. Ke5 Kb8 68. Rc7 Qc2 69. Rc8+ {Time forfeit}
1-0

[Event "Rated Rapid game"]
[Site "?"]
[Date "2021.07.09"]
[Round "?"]
[White "masterSH"]
[Black "Gmelhor"]
[Result "1-0"]
[WhiteElo "2566"]
[BlackElo "2688"]
[PlyCount "125"]
[EventDate "2021.??.??"]
[EventType "rapid"]

1. e4 e5 2. Nf3 d5 3. exd5 e4 4. Qe2 Nf6 5. Nc3 Bb4 6. Nxe4 O-O 7. Nxf6+ gxf6
8. Qc4 a5 9. Be2 b5 10. Qd3 Na6 11. O-O Nc5 12. Qd4 Re8 13. Bxb5 Re4 14. a3
Rxd4 15. Nxd4 Ba6 16. Bxa6 Nxa6 17. axb4 Nxb4 18. Nc6 Nxc6 19. dxc6 Qd6 20. b3
Qxc6 21. Bb2 Qxc2 22. Bc3 Qxb3 23. Rxa5 Re8 24. Bxf6 h6 25. Bc3 Qc4 26. Re5 Rb8
27. Re3 f5 28. Rfe1 f4 29. Re7 Qd3 30. g3 fxg3 31. hxg3 Rb1 32. Rxb1 Qxb1+ 33.
Kg2 Qb7+ 34. f3 Qc8 35. g4 c5 36. Rg7+ Kf8 37. Rg6 Qe8 38. Rxh6 Qe2+ 39. Kg3
Qe1+ 40. Kf4 Kf7 41. Rc6 Qe7 42. Be5 Qe8 43. Rxc5 Qa4+ 44. Kg3 Qb4 45. Rc7+ Ke6
46. Bf4 Qb1 47. Be3 Qb4 48. Rc6+ Kd5 49. Rc5+ Ke6 50. Rf5 Qb8+ 51. Kg2 Qb1 52.
Rh5 Qd1 53. Rh6+ Kf7 54. Kg3 Qe1+ 55. Kf4 Qb1 56. d4 Qb8+ 57. Ke4 Qb7+ 58. d5
Qb4+ 59. Bd4 Qb1+ 60. Kf4 Qc1+ 61. Be3 Qc4+ 62. Ke5 Qc3+ 63. Bd4 {Time forfeit}
1-0

[Event "Rated Blitz game"]
[Site "?"]
[Date "2021.07.09"]
[Round "?"]
[White "Davigator"]
[Black "annaly1979"]
[Result "0-1"]
[WhiteElo "2451"]
[BlackElo "2452"]
[PlyCount "72"]
[EventDate "2021.??.??"]
[EventType "blitz"]

1. e4 e5 2. Nf3 d5 3. Nxe5 Qe7 4. d4 f6 5. Qh5+ g6 6. Nxg6 Qxe4+ 7. Be3 Qxg6 8.
Qxd5 Ne7 9. Qf3 Nbc6 10. Bd3 Bf5 11. d5 Bxd3 12. dxc6 Be4 13. Qf4 Nd5 14. cxb7
Rb8 15. Qg3 Bd6 16. Qxg6+ hxg6 17. f3 Bxc2 18. Na3 Bxa3 19. bxa3 Rxb7 20. Rc1
Bf5 21. Bd4 Kf7 22. O-O Re8 23. g4 Bd3 24. Rf2 Re2 25. Rd1 Rxf2 26. Kxf2 Bc4
27. Rd2 g5 28. Bc5 c6 29. Bd4 Nf4 30. Be3 Bd5 31. h4 Rb1 32. Bxa7 Rh1 33. Be3
Rxh4 34. a4 Rh2+ 35. Kg3 Rh3+ 36. Kf2 Rxf3+ {Normal} 0-1

[Event "Rated Blitz game"]
[Site "?"]
[Date "2021.07.09"]
[Round "?"]
[White "Aram67-Shag"]
[Black "annaly1979"]
[Result "0-1"]
[WhiteElo "2439"]
[BlackElo "2418"]
[PlyCount "136"]
[EventDate "2021.??.??"]
[EventType "blitz"]

1. e4 e5 2. Nf3 d5 3. d4 dxe4 4. Nxe5 Bd6 5. Nc4 Nf6 6. Nxd6+ cxd6 7. d5 h6 8.
Nc3 O-O 9. Be3 a6 10. Qd2 Bf5 11. O-O-O Nbd7 12. h3 Rc8 13. g4 Bg6 14. g5 hxg5
15. Bxg5 Qa5 16. Kb1 b5 17. Nxe4 Qxd2 18. Nxf6+ gxf6 19. Bxd2 Bxc2+ 20. Kc1
Bb3+ 21. Bc3 Bxd1 22. Kxd1 Ne5 23. f4 b4 24. Bxb4 Nc4 25. Rg1+ Kh8 26. Bc3 Ne3+
27. Kd2 Nxd5 28. Bd4 Rfe8 29. Bg2 Nxf4 30. Bxf6+ Kh7 31. Bf3 Nxh3 32. Rg7+ Kh6
33. Rg3 Nf2 34. Bg5+ Kh7 35. Bf6 Ne4+ 36. Bxe4+ Rxe4 37. Rg7+ Kh6 38. Rxf7 Rg8
39. Bc3 d5 40. Rd7 Rg5 41. Rd6+ Kh5 42. Kc2 Rc4 43. Kd3 Rg3+ 44. Kd2 Rg2+ 45.
Kd3 Rg3+ 46. Kd2 Rg5 47. Kd3 Rf5 48. Rxa6 Kg4 49. Rd6 Kf3 50. b3 Rg4 51. Bd4
Rff4 52. Bc5 Kg2 53. Rxd5 Rf3+ 54. Be3 Rgg3 55. Re5 Rf2 56. a4 Rb2 57. Kc3 Re2
58. Kd3 Ra2 59. Kc3 Kf3 60. Kb4 Kg4 61. Bb6 Rb2 62. Re3 Rgg2 63. a5 Rgd2 64.
Kb5 Rd5+ 65. Ka6 Kf4 66. Rc3 Ke4 67. Rc4+ Kd3 68. Rf4 Rxb3 {Time forfeit} 0-1

[Event "Rated Blitz game"]
[Site "?"]
[Date "2021.07.09"]
[Round "?"]
[White "macdoforever"]
[Black "RMDomino"]
[Result "0-1"]
[WhiteElo "2512"]
[BlackElo "2441"]
[PlyCount "100"]
[EventDate "2021.??.??"]
[EventType "blitz"]

1. e4 e5 2. Nf3 d5 3. exd5 e4 4. Nd4 Qxd5 5. Nb3 Nf6 6. Nc3 Qe5 7. Be2 Bb4 8.
a3 Bd6 9. d3 Nc6 10. dxe4 Nxe4 11. Nxe4 Qxe4 12. Qd3 Qxg2 13. Bf3 Qh3 14. Bxc6+
bxc6 15. Qxh3 Bxh3 16. Be3 Bg4 17. Rg1 h5 18. h3 Bxh3 19. Rxg7 Be5 20. Rg5 Bxb2
21. Rd1 f6 22. Rg7 Bxa3 23. Bc5 Bxc5 24. Nxc5 Kf8 25. Rxc7 Re8+ 26. Kd2 Re7 27.
Rxc6 Kf7 28. Kc1 Rb8 29. Rdd6 Rb6 30. Rxf6+ Kg8 31. Rxb6 axb6 32. Rxb6 Bf5 33.
Rf6 Re5 34. Nb3 Kg7 35. Rd6 h4 36. Nd4 Bg4 37. f3 Bc8 38. f4 Re4 39. f5 h3 40.
f6+ Kg6 41. Nf3 Rf4 42. Ne5+ Kf5 43. Rd3 Kxe5 44. Rc3 Bg4 45. f7 Rxf7 46. Rg3
Rf1+ 47. Kd2 h2 48. Rxg4 h1=Q 49. Kc3 Qf3+ 50. Kb2 Qxg4 {Normal} 0-1

[Event "Rated Blitz game"]
[Site "?"]
[Date "2021.07.09"]
[Round "?"]
[White "Matvienkoia"]
[Black "ahoramahora"]
[Result "0-1"]
[WhiteElo "2401"]
[BlackElo "2356"]
[PlyCount "32"]
[EventDate "2021.??.??"]
[EventType "blitz"]

1. e4 e5 2. Nf3 d5 3. Nxe5 dxe4 4. d4 exd3 5. Bxd3 Nd7 6. O-O Nxe5 7. Re1 Bd6
8. f4 Be6 9. fxe5 Bc5+ 10. Kh1 Ne7 11. c3 Qd7 12. b4 Bb6 13. a4 a6 14. a5 Ba7
15. Qf3 c6 16. Be3 Qxd3 {Normal} 0-1

[Event "Rated Blitz tournament tC9MGak7"]
[Site "?"]
[Date "2021.07.09"]
[Round "?"]
[White "Pemain_Kandangan"]
[Black "om_gendut"]
[Result "0-1"]
[WhiteElo "2339"]
[BlackElo "2441"]
[PlyCount "140"]
[EventDate "2021.??.??"]
[EventType "blitz"]

1. e4 e5 2. Nf3 d5 3. Nxe5 Bd6 4. d4 dxe4 5. Nc4 Be7 6. Bf4 Nf6 7. c3 O-O 8.
Nbd2 Bf5 9. Ne3 Bg6 10. Be2 Bd6 11. Bg3 Nc6 12. a3 Re8 13. O-O Ne7 14. Bc4 Qd7
15. Qb3 Rab8 16. a4 c6 17. Rfe1 Bxg3 18. fxg3 Ned5 19. Bxd5 Nxd5 20. Nxd5 cxd5
21. Nf1 Rbd8 22. Ne3 f6 23. Rf1 Bf7 24. Qb5 Qc7 25. a5 a6 26. Qb4 Be6 27. Rf2
Qd7 28. Raf1 Rc8 29. Rf4 Qe7 30. Qxe7 Rxe7 31. R4f2 Rd7 32. Ra1 Rb8 33. Ra3 Kf7
34. Rf1 Rc7 35. h3 Rd8 36. Rfa1 h5 37. Rb3 Rdd7 38. Rf1 Kg6 39. Rb6 Kf7 40. Rf4
Rc6 41. Rb4 Rcc7 42. Rb6 Rc6 43. Rb4 Kg6 44. Kf2 Kf7 45. Ke2 Ke7 46. Rf2 Kf7
47. Rf4 g5 48. Rf2 Kg6 49. Nf1 f5 50. Ke3 Rf7 51. Nd2 Kg7 52. Nb3 Bc8 53. Rb6
Rxb6 54. axb6 Rf6 55. Nc5 Rxb6 56. b4 Rc6 57. Kd2 Kg6 58. Rf1 b6 59. Na4 Bd7
60. Rf2 Rf6 61. Nb2 Bb5 62. Nd1 f4 63. gxf4 gxf4 64. Ke1 Kg5 65. Nb2 Kh4 66.
Nd1 Kg3 67. Rb2 f3 68. gxf3 Rxf3 69. Nf2 e3 70. Nh1+ Kf4 {Time forfeit} 0-1

[Event "Rated Blitz tournament tC9MGak7"]
[Site "?"]
[Date "2021.07.09"]
[Round "?"]
[White "amzbkd"]
[Black "om_gendut"]
[Result "1-0"]
[WhiteElo "2337"]
[BlackElo "2437"]
[PlyCount "53"]
[EventDate "2021.??.??"]
[EventType "blitz"]

1. e4 e5 2. Nf3 d5 3. d4 dxe4 4. Nxe5 Bd6 5. Nc4 Be7 6. Be2 Nf6 7. O-O O-O 8.
Ne3 Nc6 9. d5 Ne5 10. c4 Bd6 11. Nc3 a6 12. h3 Ng6 13. a3 Qe7 14. Re1 Qe5 15.
Nf1 Bd7 16. Be3 b6 17. Qd2 Rfe8 18. b4 Qf5 19. c5 bxc5 20. bxc5 Be5 21. Rac1
Bxc3 22. Qxc3 Nxd5 23. Qd4 Nxe3 24. Nxe3 Qe6 25. Bg4 Qe5 26. Qxd7 Rad8 27. Qc6
{Normal} 1-0

[Event "Rated Blitz game"]
[Site "?"]
[Date "2021.07.09"]
[Round "?"]
[White "corsino"]
[Black "BayLaze"]
[Result "0-1"]
[WhiteElo "2261"]
[BlackElo "2425"]
[PlyCount "88"]
[EventDate "2021.??.??"]
[EventType "blitz"]

1. e4 e5 2. Nf3 d5 3. Nxe5 Bd6 4. Nxf7 Kxf7 5. exd5 Nf6 6. d4 Re8+ 7. Be2 Bg4
8. f3 Bf5 9. c4 Bb4+ 10. Nc3 c6 11. dxc6 Nxc6 12. d5 Bxc3+ 13. bxc3 Ne5 14. O-O
Qb6+ 15. Qd4 Rac8 16. Be3 Nxc4 17. Bxc4 Qxd4 18. Bxd4 Rxc4 19. d6 b6 20. Rfe1
Re6 21. g4 Bg6 22. h4 h5 23. g5 Nd5 24. d7 Rd6 25. Re8 Rxd7 26. Rae1 Re7 27.
R8xe7+ Nxe7 28. Re5 Nf5 29. Rd5 Nxd4 30. cxd4 Ke6 31. Rd8 Ke7 32. Rd5 Bf7 33.
Re5+ Kd6 34. g6 Bxg6 35. Rg5 Be8 36. d5 g6 37. Kf2 Rxh4 38. Ke3 Ra4 39. f4 Ra3+
40. Ke4 Ra4+ 41. Kf3 Bf7 42. Kg3 Rxa2 43. Kh4 Ra4 44. Kg3 Rd4 {Normal} 0-1

[Event "Rated Blitz game"]
[Site "?"]
[Date "2021.07.09"]
[Round "?"]
[White "BlackMikhailTal"]
[Black "ahoramahora"]
[Result "1-0"]
[WhiteElo "2490"]
[BlackElo "2359"]
[PlyCount "33"]
[EventDate "2021.??.??"]
[EventType "blitz"]

1. e4 e5 2. Nf3 d5 3. d4 dxe4 4. Nxe5 Nd7 5. Nc4 Ngf6 6. Nc3 Bb4 7. Bd2 Bxc3 8.
Bxc3 O-O 9. Be2 Nd5 10. Bd2 f5 11. c3 f4 12. Qb3 N7f6 13. O-O-O Be6 14. Ne5 Qe7
15. c4 Ne3 16. fxe3 fxe3 17. Bb4 {Normal} 1-0

[Event "Rated Blitz game"]
[Site "?"]
[Date "2021.07.09"]
[Round "?"]
[White "okeydokey15"]
[Black "FourNinetySix"]
[Result "1-0"]
[WhiteElo "2586"]
[BlackElo "2531"]
[PlyCount "107"]
[EventDate "2021.??.??"]
[EventType "blitz"]

1. e4 e5 2. Nf3 d5 3. exd5 Bd6 4. Nc3 Nf6 5. d4 e4 6. Ne5 Nbd7 7. Nc4 Bb4 8.
Ne3 Nb6 9. Bd2 Bxc3 10. Bxc3 Nbxd5 11. Qd2 O-O 12. O-O-O Nxc3 13. Qxc3 Nd5 14.
Nxd5 Qxd5 15. Bc4 Qg5+ 16. Kb1 Bf5 17. Qg3 Qxg3 18. hxg3 Rfd8 19. Be2 c6 20. g4
Bg6 21. Kc1 Rd6 22. c3 Rad8 23. f4 exf3 24. gxf3 Re8 25. Bc4 b5 26. Bb3 a5 27.
Rhe1 Kf8 28. Rxe8+ Kxe8 29. Re1+ Kd8 30. a4 b4 31. f4 f6 32. Bc2 bxc3 33. bxc3
Bxc2 34. Kxc2 Kd7 35. Rh1 h6 36. Rh5 Rd5 37. Rxd5+ cxd5 38. f5 Ke7 39. c4 dxc4
40. Kc3 Kf7 41. Kxc4 g6 42. fxg6+ Kxg6 43. d5 Kf7 44. d6 Ke6 45. Kc5 Kd7 46.
Kd5 f5 47. gxf5 h5 48. f6 Ke8 49. Ke6 h4 50. d7+ Kd8 51. Kd6 h3 52. f7 h2 53.
f8=N h1=R 54. Ne6# {Normal} 1-0

[Event "Rated Blitz game"]
[Site "?"]
[Date "2021.07.09"]
[Round "?"]
[White "GreekTal_1981"]
[Black "lavilaine"]
[Result "0-1"]
[WhiteElo "2284"]
[BlackElo "2412"]
[PlyCount "56"]
[EventDate "2021.??.??"]
[EventType "blitz"]

1. e4 e5 2. Nf3 d5 3. exd5 e4 4. Qe2 f5 5. d3 Nf6 6. dxe4 fxe4 7. Nc3 Bd6 8.
Nxe4 O-O 9. Nxf6+ Qxf6 10. c3 Bg4 11. Be3 Nd7 12. O-O-O Ne5 13. Bd4 Qh6+ 14.
Qe3 Qxe3+ 15. fxe3 Nxf3 16. gxf3 Bxf3 17. Rg1 g6 18. Rd2 Bxd5 19. Bd3 Bxa2 20.
h4 c5 21. h5 cxd4 22. hxg6 dxe3 23. gxh7+ Kh8 24. Rdg2 Bf4 25. Kc2 Rad8 26. Rg7
Bh6 27. Rxb7 Rf2+ 28. Kc1 e2+ {Normal} 0-1

[Event "Rated Blitz game"]
[Site "?"]
[Date "2021.07.09"]
[Round "?"]
[White "andro2"]
[Black "Kasteajedrez"]
[Result "1-0"]
[WhiteElo "2427"]
[BlackElo "2446"]
[PlyCount "31"]
[EventDate "2021.??.??"]
[EventType "blitz"]

1. e4 e5 2. Nf3 d5 3. Nxe5 dxe4 4. d4 exd3 5. Bxd3 Bd6 6. Nf3 Qe7+ 7. Be3 Nc6
8. O-O Bg4 9. Re1 O-O-O 10. Nbd2 Nf6 11. h3 h5 12. Bxa7 Ne5 13. Bd4 Nxf3+ 14.
Nxf3 Bxf3 15. Qxf3 Qd7 16. Bf5 {Normal} 1-0